000 00646cab a2200205 4500
001 WB3037-38
008 090401t1994 xxu||||| |||| 00| 0 eng d
035 _a(Sirsi) u61949
041 _aeng
245 _aVariations on a theme
260 _c1994
350 _a0
490 _aDaily Telegraph
_v4 October 1994, 20(1)
520 _aDescribes a new computer programme Mutator which, given a basic concept such as the plan of a house will construct variants on that theme.
650 _aCOMPUTERS
650 _aFLOOR SPACE PLANNING
690 _aMANAGEMENT-BUSINESS MANAGEMENT-INFORMATION MANAGEMENT
942 _n0
948 _c04/03/1997
999 _c38437
_d38437